{"text_format":"3","workbook":"xlsx","n_sheets":1,"sheets":["экономика"],"read":"whole","date_system":"1900"}

{"sheet":"экономика","index":0,"n_rows":33,"n_cols":21,"rows_kept":33}
["№","Код участника","Название ОУ","СНИЛС","Фамилия","Имя","Отчество","Пол","Дата рождения","Участник с ОВЗ","Класс","Класс участия","Балл","Доведено баллов по итогам апелляции","Итоговый балл","Макс. балл","Статус","Призер МЭ прошлого года","Учитель","Место работы учителя","Предмет"]
[1,2,3,4,5,6,7,8,9,10,11,12,13,14,15,16,17,18,19,20,21]
[1,"134008_17124479058_11","МБОУ \"Сафаровская СОШ\"",17124479058,"Овезмедова","Назлыгуль","Баходировна","ж","14.08.2010","нет",7,8,6,null,6,100,"участник","нет","Закирова Ландыш Явдатовна","МБОУ \"Сафаровская СОШ\"","Экономика"]
[2,"134001_15791441187_11","МБОУ \"Актанышская СОШ №1\"",15791441187,"Гильфанов","Раиль","Ильфакович","м","04.01.2009","нет",8,8,13,null,13,100,"участник","нет","Сафиуллин Руслан Наилевич","МБОУ \"Актанышская СОШ №1\"","Экономика"]
[3,"134003_16576523903_11","ГАОУ \"Гуманитарная гимназия-интернат для одаренных детей\"",16576523903,"Ильдарханова","Айзиля","Ильшатовна","ж","12.05.2009","нет",8,8,50,null,50,100,"призер","нет","Абдуллина Миляуша Магьсумовна","ГАОУ «Гуманитарная гимназия-интернат для одаренных детей»","Экономика"]
[4,"134003_15441830450_11","ГАОУ \"Гуманитарная гимназия-интернат для одаренных детей\"",15441830450,"Баширов","Ильяс","Филарисович","м","13.04.2009","нет",8,8,76,null,76,100,"призер","нет","Абдуллина Миляуша Магьсумовна","ГАОУ «Гуманитарная гимназия-интернат для одаренных детей»","Экономика"]
[5,"134003_15572473785_11","ГАОУ \"Гуманитарная гимназия-интернат для одаренных детей\"",15572473785,"Ямалов","Азамат","Филарисович","м","14.02.2008","нет",8,8,82,null,82,100,"победитель","да","Абдуллина Миляуша Магьсумовна","ГАОУ «Гуманитарная гимназия-интернат для одаренных детей»","Экономика"]
[6,"134003_15794492118_11","ГАОУ \"Гуманитарная гимназия-интернат для одаренных детей\"",15794492118,"Лутфуллин","Рамазан","Фаридович","м","09.08.2009","нет",8,8,31,null,31,100,"участник","нет","Абдуллина Миляуша Магьсумовна","ГАОУ «Гуманитарная гимназия-интернат для одаренных детей»","Экономика"]
[7,"134003_15739000000_11","ГАОУ \"Гуманитарная гимназия-интернат для одаренных детей\"",15739000000,"Ибрагимов","Амир","Илгамович","м","19.01.2009","нет",8,8,12,null,12,100,"участник","нет","Абдуллина Миляуша Магьсумовна","ГАОУ «Гуманитарная гимназия-интернат для одаренных детей»","Экономика"]
[8,"134003_19782917140_11","ГАОУ \"Гуманитарная гимназия-интернат для одаренных детей\"",19782917140,"Арсланова","Амина","Маратовна","ж","2009-01-20","нет",8,8,17,null,17,100,"участник","нет","Абдуллина Миляуша Магьсумовна","ГАОУ \"Гуманитарная гимназия-интернат для одаренных детей\"","Экономика"]
[9,"134003_15483786608_11","ГАОУ \"Гуманитарная гимназия-интернат для одаренных детей\"",15483786608,"Корбанов","Каюм","Камилевич","м","2009-06-01","нет",8,8,21,null,21,100,"участник","нет","Абдуллина Миляуша Магьсумовна","ГАОУ \"Гуманитарная гимназия-интернат для одаренных детей\"","Экономика"]
[10,"134003_15739242387_11\n","ГАОУ \"Гуманитарная гимназия-интернат для одаренных детей\"",15739242387,"Фахразиев","Раяз","Камилевич","м","2009-02-17","нет",8,8,29,null,29,100,"участник","нет","Абдуллина Миляуша Магьсумовна","ГАОУ \"Гуманитарная гимназия-интернат для одаренных детей\"","Экономика"]
[11,"134003_15581842892_11","ГАОУ \"Гуманитарная гимназия-интернат для одаренных детей\"",15581842892,"Шаймарданов","Амирхан","Алмазович","м","02.07.2008","нет",9,9,78,null,78,100,"победитель","да","Абдуллина Миляуша Магьсумовна","ГАОУ «Гуманитарная гимназия-интернат для одаренных детей»","Экономика"]
[12,"134002_15663351676_11","МБОУ \"Актанышская СОШ №2 с углубленным изучением отдельных предметов\"",15663351676,"Файзиев","Раиль","Рафилевич","м","29.10.2008","нет",9,9,17,null,17,100,"участник","нет","Амирханов Инсаф Афтахович","МБОУ \"Актанышская СОШ №2\"","Экономика"]
[13,"134003_16250254839_11","ГАОУ \"Гуманитарная гимназия-интернат для одаренных детей\"",16250254839,"Хазиев","Румиль","Рустемович","м","02.12.2007","нет",9,9,66,null,66,100,"призер","да","Абдуллина Миляуша Магьсумовна","ГАОУ «Гуманитарная гимназия-интернат для одаренных детей»","Экономика"]
[14,"134003_16052464038_11","ГАОУ \"Гуманитарная гимназия-интернат для одаренных детей\"",16052464038,"Шайхразиев","Амирхан","Булатович","м","21.06.2007","нет",10,10,28,null,28,100,"участник","нет","Абдуллина Миляуша Магьсумовна","ГАОУ «Гуманитарная гимназия-интернат для одаренных детей»","Экономика"]
[15,"134001_16052464240_11","МБОУ \"Актанышская СОШ №1\"",16052464240,"Шакирова","Зулейха","Зыяевна","ж","2007-06-06","нет",10,10,8,null,8,100,"участник","нет","Сафиуллин Руслан Наилевич","МБОУ \"Актанышская СОШ №1\"","Экономика"]
[16,"134003_16052466950_11","ГАОУ \"Гуманитарная гимназия-интернат для одаренных детей\"",16052466950,"Газизов","Амир","Ленарович","м","2007-05-11","нет",10,10,28,null,28,100,"участник","нет","Абдуллина Миляуша Магьсумовна","ГАОУ \"Гуманитарная гимназия-интернат для одаренных детей\"","Экономика"]
[17,"134002_15776905519_11","МБОУ \"Актанышская СОШ №2 с углубленным изучением отдельных предметов\"",15776905519,"Мухаметдинова","Айсылу","Марсовна","ж","03.11.2007","нет",10,10,60,null,60,100,"победитель","нет","Амирханов Инсаф Афтахович","МБОУ \"Актанышская СОШ №2\"","Экономика"]
[18,"134003_15970964822_11","ГАОУ \"Гуманитарная гимназия-интернат для одаренных детей\"",15970964822,"Ахметзянова","Альбина","Ленаровна","ж","10.05.2007","нет",10,10,52,null,52,100,"призер","да","Абдуллина Миляуша Магьсумовна","ГАОУ «Гуманитарная гимназия-интернат для одаренных детей»","Экономика"]
[19,"134003_15872790717_11","ГАОУ \"Гуманитарная гимназия-интернат для одаренных детей\"",15872790717,"Валиев","Вильдан","Фаридович","м","12.02.2008","нет",10,10,32,null,32,100,"участник","нет","Абдуллина Миляуша Магьсумовна","ГАОУ «Гуманитарная гимназия-интернат для одаренных детей»","Экономика"]
[20,"134003_16063158446_11","ГАОУ \"Гуманитарная гимназия-интернат для одаренных детей\"",16063158446,"Ибрагимова","Алия","Илгамовна","ж","27.09.2007","нет",10,10,10,null,10,100,"участник","нет","Абдуллина Миляуша Магьсумовна","ГАОУ «Гуманитарная гимназия-интернат для одаренных детей»","Экономика"]
[21,"134003_15868348423_11","ГАОУ \"Гуманитарная гимназия-интернат для одаренных детей\"",15868348423,"Хакимова","Рузиля","Ильшатовна","ж","15.10.2007","нет",10,10,8,null,8,100,"участник","нет","Абдуллина Миляуша Магьсумовна","ГАОУ «Гуманитарная гимназия-интернат для одаренных детей»","Экономика"]
[22,"134003_14562140643_11","ГАОУ \"Гуманитарная гимназия-интернат для одаренных детей\"",14562140643,"Тимеров","Ислам","Ильсурович","м","10.04.2007","нет",10,10,54,null,54,100,"призер","нет","Абдуллина Миляуша Магьсумовна","ГАОУ «Гуманитарная гимназия-интернат для одаренных детей»","Экономика"]
[23,"134003_15431056733_11","ГАОУ \"Гуманитарная гимназия-интернат для одаренных детей\"",15431056733,"Галимов","Рустем","Равилевич","м","19.03.2008","нет",10,10,8,null,8,100,"участник","нет","Абдуллина Миляуша Магьсумовна","ГАОУ «Гуманитарная гимназия-интернат для одаренных детей»","Экономика"]
[24,"134003_16096149175_11","ГАОУ \"Гуманитарная гимназия-интернат для одаренных детей\"",16096149175,"Загрутдинов","Амирхан","Русланович","м","04.04.2007","нет",10,10,12,null,12,100,"участник","нет","Абдуллина Миляуша Магьсумовна","ГАОУ «Гуманитарная гимназия-интернат для одаренных детей»","Экономика"]
[25,"134003_15643972090_11","ГАОУ \"Гуманитарная гимназия-интернат для одаренных детей\"",15643972090,"Салихзянов","Ришат","Маратович","м","02.06.2007","нет",10,10,16,null,16,100,"участник","нет","Абдуллина Миляуша Магьсумовна","ГАОУ «Гуманитарная гимназия-интернат для одаренных детей»","Экономика"]
[26,"134003_17908261802_11","ГАОУ \"Гуманитарная гимназия-интернат для одаренных детей\"",17908261802,"Ханов","Рузаль","Раифович","м","19.03.2007","нет",10,10,32,null,32,100,"участник","нет","Абдуллина Миляуша Магьсумовна","ГАОУ «Гуманитарная гимназия-интернат для одаренных детей»","Экономика"]
[27,"134010_15664708696_11","МБОУ \"Поисевская СОШ\"",15664708696,"Ганиева","Адиля","Ильгизовна","ж","19.07.2007","нет",10,10,16,null,16,100,"участник","нет","Шарипова Гульшат Ахматшаеховна","МБОУ «Поисевская СОШ»","Экономика"]
[28,"134008_14627909790_11","МБОУ \"Сафаровская СОШ\"",14627909790,"Тимерова","Гульнур","Алмазовна","ж","10.02.2007","нет",10,10,6,null,6,100,"участник","нет","Закирова Ландыш Явдатовна","МБОУ \"Сафаровская СОШ\"","Экономика"]
[29,"134003_16096153166_11","ГАОУ \"Гуманитарная гимназия-интернат для одаренных детей\"",16096153166,"Хаернасова","Алина","Ринатовна","ж","06.04.2007","нет",10,10,32,null,32,100,"участник","нет","Абдуллина Миляуша Магьсумовна","ГАОУ «Гуманитарная гимназия-интернат для одаренных детей»","Экономика"]
[30,"134003_16043631131_11","ГАОУ \"Гуманитарная гимназия-интернат для одаренных детей\"",16043631131,"Галиахметов","Раян","Ильсурович","м","23.04.2006","нет",11,11,74,null,74,100,"победитель","нет","Абдуллина Миляуша Магьсумовна","ГАОУ «Гуманитарная гимназия-интернат для одаренных детей»","Экономика"]
[31,"134003_17655835213_11","ГАОУ \"Гуманитарная гимназия-интернат для одаренных детей\"",17655835213,"Харисов","Рузаль","Рамилевич","м","24.10.2006","нет",11,11,21,null,21,100,"участник","нет","Абдуллина Миляуша Магьсумовна","ГАОУ «Гуманитарная гимназия-интернат для одаренных детей»","Экономика"]